00410nam a2200169Ia 450000500170000000800410001702000170005804000190007504100120009408200110010610000160011724500360013326000310016930000100020065000200021085000100023020230626110500.0131103s9999 xx 000 0 und d a0-41334300-6 aLoreto College aEnglish aFbBRA aBraine,John aWaiting for SheilacJohn Braine aLondonbEyre Methuenc1956 a186p  aEnglish Fiction aLCLIB